000 00992nam a2200277 a 4500
001 BRCA_7638
005 20190320205925.0
008 231208s1989----xv-#######---#000-0#slv-u
041 _aslv
044 _axv
050 4 _aPQ6323
_b.C47 1989
100 1 _aCervantes Saavedra, Miguel de
_d1547-1616
_9213
245 1 0 _aVeleumni Plemic Don Kihot iz Mance
_cMiguel de Cervantes Saavedra ; prevedel, uredil in izdal Niko Kosir.
260 _aPoljsica, Eslovenia
_bN. Kosir
_c1989
300 _a533 p.
_c21 cm.
500 _aLibro donado por el Dr. Ludovik Osterc, 30-10-1997
546 _aTexto en : esloveno
650 1 4 _aNovela española
_yÉpoca clásica, 1500-1700
_9215
650 1 4 _aLiteratura española
_yÉpoca clásica, 1500-1700
_9216
650 1 4 _aNovela española
_ySiglo XVII
_9217
650 1 4 _aDon Quijote (Personaje ficticio)
_eNovela
_9218
700 1 _aKosir, Niko
_etr.
_918843
740 0 _aEl Ingenioso Hidalgo Don Quijote de la Mancha
902 _aQAG
942 _2lcc
_cB
999 _c7312
_d7312